• 首页
  • 本馆介绍
  • 公告通知
  • 最新文献
  • 馆藏检索
  • 电子资源
  • 读者导购
  • 参考咨询
  • 我的图书馆
  • 登录
  • 详细信息显示
  • 放入我的书架
  • 预约/预借图书
  • 作者相关作品
  • 分类相关作品
  • 丛书相关作品
  • 出版社相关作品

书目信息

  • 表格格式
  • 工作单格式
  • 卡片格式
题名:
和失眠说再见
    
 
作者: 豪利 , 林德 著 ;蒡亚 译
分册:  
出版信息: 北京   中国轻工业出版社  2017
页数: 10,278页
开本: 24cm
丛书名:
单 册:
中图分类: R749.7
科图分类:
主题词: 失眠--防治
电子资源:
ISBN: 978-7-5184-1532-8
000 01235nam0 2200301 450
001 7009
005 20180605155425.39
010    @a978-7-5184-1532-8@dCNY58.00
100    @a20171116d2017 em y0chiy50 ea
101 1  @achi@ceng
102    @aCN@b110000
105    @ay z 000yy
200 1  @a和失眠说再见@9he shi mian shuo zai jian@dNo more sleepless nights@e让你倒头就睡的秘诀@f(美)Peter Hauri,(美)Shirley Linde著@g蒡亚等译@zeng
205    @a修订版
210    @a北京@c中国轻工业出版社@d2017
215    @a10,278页@d24cm
314    @aPeter Hauri,,Mayo医院睡眠障碍中心前主任。
314    @aShirley Linde,著名的健康科普畅销书作家。
330    @a本书是由经验丰富的睡眠专家开发的一套完整的睡眠改善计划,作者凭借自己多年对睡眠的研究和治疗睡眠障碍的经验,详细介绍了关于睡眠的健康知识,帮助读者找出失眠的原因,并采取针对性的应对方法,从而提高睡眠质量。
510 1  @aNo more sleepless nights@zeng
517 1  @a让你倒头就睡的秘诀@9rang ni dao tou jiu shui de mi jue
606 0  @a失眠@x防治
690    @aR749.7@v5
701  0 @c(美)@a豪利@9hao li@c(Hauri, Peter)@4著
701  0 @c(美)@a林德@9lin de@c(Linde, Shirley)@4著
702  0 @a蒡亚@9bang ya@4译
801  0 @aCN@b91MARC@c20171116
905    @aMuseLib@dR749.7@e212=2
    
    和失眠说再见=No more sleepless nights:让你倒头就睡的秘诀/(美)Peter Hauri,(美)Shirley Linde著/蒡亚等译.-修订版.-北京:中国轻工业出版社,2017
    10,278页;24cm
    
    
    ISBN 978-7-5184-1532-8:CNY58.00
    本书是由经验丰富的睡眠专家开发的一套完整的睡眠改善计划,作者凭借自己多年对睡眠的研究和治疗睡眠障碍的经验,详细介绍了关于睡眠的健康知识,帮助读者找出失眠的原因,并采取针对性的应对方法,从而提高睡眠质量。
●
相关链接 在E读中查询图书 在五车中查询图书 在当当中查询图书 在豆瓣中查询图书


正题名:和失眠说再见     索取号:R749.7/212=2         预约/预借

序号 登录号 条形码 馆藏地/架位号 状态 备注
1 1116101   211161017   第二样本阅览室/ [索取号:R749.7/212=2] 在馆    
2 1116102   211161026   教育系资料室/ [索取号:R749.7/212=2] 在馆    
3 1116103   211161035   教育系资料室/ [索取号:R749.7/212=2] 在馆    
4 1116104   211161044   第三借阅区/ [索取号:R749.7/212=2] 在馆    
唐山师范学院图书馆 欢迎您!
大连网信软件有限公司© 版权所有